| 000 | 00752nam a2200229 a 4500 | ||
|---|---|---|---|
| 003 | SISC | ||
| 005 | 20170126090719.0 | ||
| 008 | 120906s19uu xx 00 eng d | ||
| 020 | _a9780230111240 | ||
| 050 |
_aHD 62.25 _b.P463 2011 |
||
| 100 | _aPendergast, Jennifer M. | ||
| 245 |
_aHealthy growth for the family business / _cJennifer M. Pendergast. |
||
| 260 |
_aNew York, NY : _bPalgrave Macmillan, _c2011. |
||
| 300 |
_a92 pages : _c22 cm. |
||
| 440 | _aFamily Business Publication. | ||
| 500 | _aIncludes bibliographical references and index. | ||
| 650 |
_aFamily-owned business enterprises _xManagement. |
||
| 650 |
_aSmall businesses _xManagement. |
||
| 650 | _aOrganizational effectiveness. | ||
| 942 |
_cBK _2lcc _kFOR |
||
| 999 |
_c25450 _d25450 |
||